Countries of the Omani Empire - Statistics

General Stats
  • This quiz has been taken 1,030 times
  • The average score is 11 of 14
Answer Stats
% Occupied Country % Correct
~ 5 Saudi Arabia
97%
~ 28 Yemen
96%
~ 95 Oman
94%
~ 99 United Arab Emirates
93%
100 Qatar
92%
~ 7 Iran
91%
100 Bahrain
89%
~ 66 Somalia
87%
~ 13 Kenya
76%
~ 1 Pakistan
74%
~ 40 Tanzania
74%
~ 2 Ethiopia
68%
~ 5 Mozambique
59%
100 Comoros
44%
No matching quizzes found
Score Distribution
Percent of People with Each Score
Percentile by Number Answered
Your Score History
You have not taken this quiz